Diesel equipment / (Record no. 70123)
[ view plain ]
| 000 -LEADER | |
|---|---|
| fixed length control field | 00831pam a2200265 i 4500 |
| 001 - CONTROL NUMBER | |
| control field | 4189613 |
| 003 - CONTROL NUMBER IDENTIFIER | |
| control field | NUST - PNEC |
| 005 - DATE AND TIME OF LATEST TRANSACTION | |
| control field | 20170116181134.0 |
| 008 - FIXED-LENGTH DATA ELEMENTS--GENERAL INFORMATION | |
| fixed length control field | 800509m19829999nyua 001 0 eng |
| 010 ## - LIBRARY OF CONGRESS CONTROL NUMBER | |
| LC control number | 80015383 |
| 020 ## - INTERNATIONAL STANDARD BOOK NUMBER | |
| International Standard Book Number | 0070557160 (v. 1). |
| 020 ## - INTERNATIONAL STANDARD BOOK NUMBER | |
| International Standard Book Number | 007055708X (v. 2) |
| 040 ## - CATALOGING SOURCE | |
| Original cataloging agency | DLC |
| Transcribing agency | LIBRARY |
| Modifying agency | DLC |
| 050 00 - LIBRARY OF CONGRESS CALL NUMBER | |
| Classification number | TL145 |
| Item number | .S33 |
| 082 00 - DEWEY DECIMAL CLASSIFICATION NUMBER | |
| Classification number | 629.225 SCH |
| 100 1# - MAIN ENTRY--PERSONAL NAME | |
| Personal name | Schulz, Erich J. |
| 245 10 - TITLE STATEMENT | |
| Title | Diesel equipment / |
| Statement of responsibility, etc. | Erich J. Schulz. |
| 260 ## - PUBLICATION, DISTRIBUTION, ETC. | |
| Place of publication, distribution, etc. | New York : |
| Name of publisher, distributor, etc. | Gregg Division, McGraw-Hill, |
| Date of publication, distribution, etc. | <c1982-> |
| 300 ## - PHYSICAL DESCRIPTION | |
| Extent | v. <2 > : |
| Other physical details | ill. ; |
| Dimensions | 28 cm. |
| 500 ## - GENERAL NOTE | |
| General note | Includes index. |
| 505 1# - FORMATTED CONTENTS NOTE | |
| Formatted contents note | v. 2. Design, electronic controls, frames, suspensions, steering, transmissions, drive lines, air conditioning. |
| 650 #0 - SUBJECT ADDED ENTRY--TOPICAL TERM | |
| Topical term or geographic name entry element | Motor vehicles. |
| General subdivision | MS COMM |
| 650 #0 - SUBJECT ADDED ENTRY--TOPICAL TERM | |
| Topical term or geographic name entry element | Construction equipment. |
| 942 ## - ADDED ENTRY ELEMENTS (KOHA) | |
| Source of classification or shelving scheme | |
| Koha item type | Book |
| Withdrawn status | Lost status | Source of classification or shelving scheme | Damaged status | Not for loan | Permanent Location | Current Location | Shelving location | Date acquired | Total Checkouts | Full call number | Barcode | Date last seen | Price effective from | Koha item type |
|---|---|---|---|---|---|---|---|---|---|---|---|---|---|---|
| Pakistan Navy Engineering College (PNEC) | Pakistan Navy Engineering College (PNEC) | 10/07/2015 | 629.225 SCH | PNECLIB-014040 | 10/07/2015 | Book | ||||||||
| Pakistan Navy Engineering College (PNEC) | Pakistan Navy Engineering College (PNEC) | 629.225 SCH | PNECLIB-014041 | 10/07/2015 | Book |
